Statistics for 2000s Oscar Best Actress Nominees

Click here to take the quiz!

General Stats

  • This quiz has been taken 11,436 times
    (11,371 since last reset)
  • The average score is 18 of 37

Answer Stats

MovieAnswer% Correct
Music of the Heart, The Devil Wears Prada, DoubtMeryl Streep
93%
Erin BrockovichJulia Roberts
91%
Eternal Sunshine of the Spotless Mind, Little Children, The ReaderKate Winslet
83%
Moulin Rouge!, The HoursNicole Kidman
83%
Boys Don't Cry, Million Dollar BabyHilary Swank
81%
Bridget Jones's Diary, ChicagoRenée Zellweger
81%
Monster's BallHalle Berry
79%
Walk the LineReese Witherspoon
77%
Monster, North CountryCharlize Theron
76%
The QueenHelen Mirren
73%
JunoElliot Page
69%
Elizabeth: The Golden AgeCate Blanchett
68%
Pride & PrejudiceKeira Knightley
65%
FridaSalma Hayek
62%
ChangelingAngelina Jolie
60%
Iris, Mrs Henderson Presents, Notes on a ScandalJudi Dench
57%
VolverPenélope Cruz
55%
Rachel Getting MarriedAnne Hathaway
54%
La Vie en RoseMarion Cotillard
53%
American Beauty, Being JuliaAnnette Bening
44%
Something's Gotta GiveDiane Keaton
42%
The End of the Affair, Far from HeavenJulianne Moore
41%
ChocolatJuliette Binoche
40%
21 GramsNaomi Watts
33%
UnfaithfulDiane Lane
31%
TransamericaFelicity Huffman
27%
Requiem for a DreamEllen Burstyn
24%
In the BedroomSissy Spacek
20%
Vera DrakeImelda Staunton
19%
You Can Count on Me, The SavagesLaura Linney
19%
Frozen RiverMelissa Leo
18%
Whale RiderKeisha Castle-Hughes
16%
Away from HerJulie Christie
15%
The ContenderJoan Allen
13%
In AmericaSamantha Morton
13%
Maria Full of GraceCatalina Sandino Moreno
10%
TumbleweedsJanet McTeer
10%

Score Distribution

Percentile by Number Answered

Percent of People with Each Score

Your Score History

You have not taken this quiz since the last reset